[Event "SVM_Verbandsliga_West_2023-24"]
[Site "?"]
[Date "2023.09.03"]
[Round "1.1"]
[White "Huhndorf, Arnold"]
[Black "Meissner, Thomas"]
[Result "1-0"]
[WhiteElo "2203"]
[BlackElo "1984"]
[PlyCount "29"]
[EventDate "2023.09.03"]
[EventRounds "9"]
[EventCountry "GER"]
[WhiteTeam "Turm Bergheim 1"]
[BlackTeam "SF Brand 1"]

1. Nf3 Nf6 2. c4 c5 3. d4 cxd4 4. Nxd4 Nc6 5. Nc3 g6 6. e4 Bg7 7. Be3 O-O 8. Be2 Nxd4 9. Bxd4 Qa5 10. O-O d6 11. Rb1 e5 12. Be3 Be6 13. f3 Rfc8 14. Qb3 a6 15. Bb6 1-0

[Event "SVM_Verbandsliga_West_2023-24"]
[Site "?"]
[Date "2023.09.03"]
[Round "1.2"]
[White "Bozidarevic, Slobodjan"]
[Black "Germund, Marlon"]
[Result "0-1"]
[WhiteElo "1856"]
[BlackElo "1953"]
[PlyCount "56"]
[EventDate "2023.09.03"]
[EventRounds "9"]
[EventCountry "GER"]
[WhiteTeam "SF Brand 1"]
[BlackTeam "Turm Bergheim 1"]

1. f4 Nf6 2. Nf3 g6 3. c3 d6 4. d3 Nc6 5. e4 e5 6. g3 Bg7 7. Bg2 O-O 8. Qe2 Ne8
9. Be3 f5 10. Nbd2 fxe4 11. dxe4 exf4 12. gxf4 Nf6 13. Nd4 Ng4 14. O-O-O Nxe3
15. Qxe3 Nxd4 16. cxd4 Qf6 17. e5 Qxf4 18. Qb3+ Kh8 19. Rhf1 Qxd4 20. Rxf8+
Bxf8 21. Qf7 Bf5 22. Bxb7 Qc5+ 23. Qc4 Qxc4+ 24. Nxc4 Bh6+ 25. Nd2 Rb8 26. Bf3
dxe5 27. b3 e4 28. Be2 Rd8 0-1

[Event "SVM_Verbandsliga_West_2023-24"]
[Site "?"]
[Date "2023.09.03"]
[Round "1.3"]
[White "Härtel, Stephan"]
[Black "Weischenberg, Jürgen"]
[Result "0-1"]
[WhiteElo "1958"]
[BlackElo "1825"]
[PlyCount "32"]
[EventDate "2023.09.03"]
[EventType "team-tourn"]
[EventRounds "9"]
[EventCountry "GER"]
[WhiteTeam "Turm Bergheim 1"]
[BlackTeam "SF Brand 1"]

1. e4 c5 2. d4 cxd4 3. c3 dxc3 4. Nxc3 Nc6 5. Nf3 d6 6. Bc4 a6 7. O-O Nf6 8. Qe2 Bg4 9. Rd1 e6 10. Bf4 Nh5 11. Be3 Ne5 12. Bb3 b5 13. Nxb5 axb5 14. Qxb5+ Qd7 15. Qxe5 dxe5 16. Rxd7 Bxf3 0-1

[Event "SVM_Verbandsliga_West_2023-24"]
[Site "?"]
[Date "2023.09.03"]
[Round "1.4"]
[White "Schülting, David"]
[Black "Bergmann, Thomas"]
[Result "0-1"]
[WhiteElo "1810"]
[BlackElo "1815"]
[PlyCount "126"]
[EventDate "2023.09.03"]
[EventType "team-tourn"]
[EventRounds "9"]
[EventCountry "GER"]
[WhiteTeam "SF Brand 1"]
[BlackTeam "Turm Bergheim 1"]

1. e4 e5 2. Nf3 Nc6 3. Bc4 Nf6 4. d3 h6 5. c3 Be7 6. b4 a6 7. a4 d6 8. Nbd2 O-O 9. Nf1 d5 10. exd5 Nxd5 11. Ne3 Nxc3 12. Qb3 e4 13. dxe4 Nxe4 14. Nd5 Bf6 15. Nxf6+ Qxf6 16. Bb2 Qe7 17. Ba3 {(=)} Ng3+ 18. Qe3 Qxe3+ 19. fxe3 Nxh1 20. Ke2 Ng3+ 21. hxg3 Re8 22. b5 axb5 23. Bxb5 Bd7 24. Bb2 Nb8 25. Bc4 Be6 26. Bd3 Nd7 27. Nd4 c6 28. Bc3 Bd5 29. Kf2 Ne5 30. Be2 Bc4 31. Bd1 Nd3+ 32. Kf3 g6 33. e4 Ne5+ 34. Kf2 Nd3+ 35. Kf3 Re7 36. Nc2 Rae8 37. Ne3 Ba6 38. Ng4 Rc8 39. Nxh6+ Kf8 40. Ng4 c5 41. a5 Rc6 42. Bc2 Nb4 43. Bb3 Rd6 44. Rc1 Nc6 45. Bd5 Nd4+ 46. Kf2 f5 47. Bxd4 {(=)} cxd4 48. Rc8+ Re8 49. Rxe8+ Kxe8 50. e5 Rd8 51. Nf6+ Ke7 52. g4 fxg4 53. Kg3 d3 54. Bb3 Rd4 55. Nxg4 Rb4 56. Bd1 Ke6 57. Kf3 Rb1 58. Nf2 Kxe5 59. Ke3 Ra1 60. Bf3 Rxa5 61. Nxd3+ Bxd3 62. Kxd3 Ra3+ 63. Kd2 Rxf3 0-1

[Event "SVM_Verbandsliga_West_2023-24"]
[Site "?"]
[Date "2023.09.03"]
[Round "1.5"]
[White "Lambertz, Walter"]
[Black "Offermanns, Robert"]
[Result "1-0"]
[WhiteElo "1807"]
[BlackElo "1833"]
[PlyCount "29"]
[EventDate "2023.09.03"]
[EventType "team-tourn"]
[EventRounds "9"]
[EventCountry "GER"]
[WhiteTeam "Turm Bergheim 1"]
[BlackTeam "SF Brand 1"]

1. e4 d5 2. exd5 Qxd5 3. Nc3 Qd6 4. d4 c6 5. Nf3 Nf6 6. Bc4 Bf5 7. Ne5 e6 8. Bf4 Qd8 9. g4 Be4 10. Nxe4 Nxe4 11. Qe2 Bb4+ 12. Kf1 Nf6 13. Nxf7 Kxf7 14. Qxe6+ Kf8 15. Qf7# 1-0

[Event "SVM_Verbandsliga_West_2023-24"]
[Site "?"]
[Date "2023.09.03"]
[Round "1.6"]
[White "Naufal, Aqil Ainuddin"]
[Black "Titz, Stefan"]
[Result "1-0"]
[WhiteElo "1657"]
[BlackElo "1768"]
[PlyCount "63"]
[EventDate "2023.09.03"]
[EventType "team-tourn"]
[EventRounds "9"]
[EventCountry "GER"]
[WhiteTeam "SF Brand 1"]
[BlackTeam "Turm Bergheim 1"]

1. e4 c6 2. d4 d5 3. Nc3 dxe4 4. Nxe4 Nf6 5. Ng3 e6 6. Nf3 b6 7. Bd3 Bb7 8. O-O Be7 9. a4 a5 10. Ne5 Nbd7 11. Nh5 O-O 12. Bf4 g6 13. Ng3 Re8 14. Qf3 Qc8 15. Rfe1 c5 16. Qe2 Bf8 17. Bb5 cxd4 18. Rad1 Bc5 19. c3 Nxe5 20. Bxe5 Nd7 21. Bxd4 Bc6 22. Ne4 Bxd4 23. Rxd4 Re7 24. Red1 Bxe4 25. Qxe4 Nc5 26. Qh4 Qf8 27. Rd6 Rb8 28. b4 axb4 29. cxb4 Nb7 30. Rxb6 Rc7 31. h3 f6 32. Rxe6 1-0

[Event "SVM_Verbandsliga_West_2023-24"]
[Site "?"]
[Date "2023.09.03"]
[Round "1.7"]
[White "Potrafke, Lukas"]
[Black "Kroll, Siegfried"]
[Result "1-0"]
[WhiteElo "1701"]
[BlackElo "1613"]
[PlyCount "65"]
[EventDate "2023.09.03"]
[EventType "team-tourn"]
[EventRounds "9"]
[EventCountry "GER"]
[WhiteTeam "Turm Bergheim 1"]
[BlackTeam "SF Brand 1"]

1. e4 e6 2. d4 d5 3. exd5 exd5 4. Bd3 Nf6 5. Ne2 Be7 6. Nbc3 O-O 7. Bf4 a6 8. Qd2 Bg4 9. f3 Bh5 10. g4 Bg6 11. O-O-O Bxd3 12. Qxd3 c6 13. Ng3 Bd6 14. Bxd6 Qxd6 15. Nf5 Qf4+ 16. Kb1 Re8 17. Ne2 Qc7 18. h4 Nbd7 19. h5 Nf8 20. Rdg1 Ne6 21. g5 Nd7 22. g6 fxg6 23. hxg6 Nf6 24. gxh7+ Kh8 25. Nh4 Nf8 26. Ng3 Qe7 27. Ngf5 Qe1+ 28. Rxe1 Rxe1+ 29. Rxe1 N6xh7 30. Ne7 Nf6 31. Nhg6+ Nxg6 32. Rh1+ Nh7 33. Qxg6 1-0

[Event "SVM_Verbandsliga_West_2023-24"]
[Site "?"]
[Date "2023.09.03"]
[Round "1.8"]
[White "Bernd, Dieter"]
[Black "Connemann, Mirko"]
[Result "1-0"]
[WhiteElo "1497"]
[BlackElo "1437"]
[PlyCount "59"]
[EventDate "2023.09.03"]
[EventType "team-tourn"]
[EventRounds "9"]
[EventCountry "GER"]
[WhiteTeam "SF Brand 1"]
[BlackTeam "Turm Bergheim 1"]

1. d4 Nf6 2. c4 e6 3. Nc3 Bb4 4. Nf3 Bxc3+ 5. bxc3 O-O 6. Bg5 b6 7. e3 Bb7 8. Be2 d6 9. O-O Nbd7 10. Rb1 Qc8 11. Nd2 c5 12. Bf3 h6 13. Bh4 Re8 14. e4 e5 15. d5 Qc7 16. a4 Reb8 17. Bg4 Nxg4 18. Qxg4 Bc8 19. Qg3 Nf8 20. f4 exf4 21. Rxf4 Ng6 22. Rf2 Nxh4 23. Qxh4 Ba6 24. Rbf1 Rf8 25. Rf6 Kh7 26. Rxh6+ gxh6 27. Rf6 Rh8 28. Rxh6+ Kg7 29. Qg5+ Kf8 30. Rxh8# 1-0

[Event "SVM_Verbandsliga_West_2023-24"]
[Site "?"]
[Date "2023.09.03"]
[Round "1.1"]
[White "Bien, Stefan"]
[Black "Hüskens, Gerd"]
[Result "1-0"]
[WhiteElo "2054"]
[BlackElo "1816"]
[PlyCount "77"]
[EventDate "2023.09.03"]
[EventType "team-tourn"]
[EventRounds "9"]
[EventCountry "GER"]
[WhiteTeam "SV Horrem 1"]
[BlackTeam "SG Kohlscheid 1"]

1. d4 Nf6 2. Nf3 g6 3. Bg5 Bg7 4. e3 O-O 5. Bd3 d6 6. Nbd2 Nc6 7. c3 a6 8. Qc2 b5 9. O-O Rb8 10. b4 Re8 11. a4 Bd7 12. axb5 axb5 13. Ra6 Qc8 14. Rfa1 Nd8 15. Ne4 Nd5 16. Qb3 Nb6 {(=)} 17. R6a3 h6 18. Bh4 Kh7 19. Ned2 Be6 20. Qd1 Nc4 21. Nxc4 Bxc4 22. Bxc4 bxc4 23. Qa4 Ne6 24. Qc6 g5 25. Qxc4 gxh4 26. Nxh4 Ng5 27. f4 Qe6 28. Qd3+ Qe4 29. Qe2 Ne6 30. Ra5 Nxf4 31. Qf2 Nd5 32. Rf1 Bf6 33. Nf5 Rg8 34. Ng3 Qe6 35. Qc2+ Kh8 36. e4 Nb6 37. Rh5 Bg5 38. Qf2 Rbf8 39. h4 {Zeitueberschreitung} 1-0

[Event "SVM_Verbandsliga_West_2023-24"]
[Site "?"]
[Date "2023.09.03"]
[Round "1.2"]
[White "Johann, Lukas Martin"]
[Black "Hannaske, Arno"]
[Result "1-0"]
[WhiteElo "1898"]
[BlackElo "2097"]
[PlyCount "91"]
[EventDate "2023.09.03"]
[EventType "team-tourn"]
[EventRounds "9"]
[EventCountry "GER"]
[WhiteTeam "SG Kohlscheid 1"]
[BlackTeam "SV Horrem 1"]

1. Nf3 Nf6 2. c4 e6 3. g3 b6 4. Bg2 Bb7 5. O-O Be7 6. b3 O-O 7. Bb2 d6 8. Nc3 Nbd7 9. Qc2 c5 10. e3 Rc8 11. Rac1 Qc7 12. Qb1 Qb8 13. Qa1 Qa8 14. Ne1 Rfd8 15. f4 Bxg2 16. Nxg2 d5 17. cxd5 exd5 18. Ne2 Ne8 19. Nh4 Bf6 20. Nf5 Bxb2 21. Qxb2 Kf8 22. g4 Ndf6 23. Nxg7 Kxg7 24. g5 Qc6 25. Nd4 Qd7 26. Nf3 Kf8 27. Ne5 Qd6 28. gxf6 Nxf6 29. Rf2 Ke7 30. d3 Rg8+ 31. Kh1 Ng4 32. Rf3 f6 33. Nxg4 Rxg4 34. h3 Rgg8 35. Qe2 Kf7 36. e4 dxe4 37. dxe4 Rcd8 38. Rcf1 Qd4 39. R3f2 Qd3 40. Qh5+ Kg7 41. Qf5 Qd4 42. e5 Qd5+ 43. Kh2 Rgf8 44. Rg1+ Kh8 45. Rfg2 fxe5 46. Rg8+ 1-0

[Event "SVM_Verbandsliga_West_2023-24"]
[Site "?"]
[Date "2023.09.03"]
[Round "1.3"]
[White "Schulz, Wilhelm"]
[Black "Freer, Glenn"]
[Result "1/2-1/2"]
[WhiteElo "2009"]
[BlackElo "1899"]
[PlyCount "85"]
[EventDate "2023.09.03"]
[EventType "team-tourn"]
[EventRounds "9"]
[EventCountry "GER"]
[WhiteTeam "SV Horrem 1"]
[BlackTeam "SG Kohlscheid 1"]

1. d4 Nf6 2. c4 c5 3. d5 b5 4. Nf3 bxc4 5. Nc3 d6 6. e4 Nbd7 7. Bxc4 g6 8. Qa4 Bg7 9. e5 dxe5 10. Nxe5 O-O 11. Nc6 Nb6 12. Qb3 Qd7 13. Be3 Qg4 14. Be2 Qxg2 15. O-O-O c4 16. Qa3 Bb7 17. Nxe7+ Kh8 18. b3 Nbxd5 19. Nexd5 Nxd5 20. Rhg1 Nxc3 21. Rxg2 Nxd1 22. Kxd1 Bxg2 23. Bxc4 Bh3 24. Bc5 Rfd8+ 25. Ke2 Be6 26. Bxe6 fxe6 27. b4 a6 28. Qe3 Rd5 29. Kf1 e5 30. Qe2 a5 31. Qc4 Rd1+ 32. Ke2 Rb1 33. Qc2 Rxb4 34. Bxb4 axb4 35. Qc4 h5 36. Kf3 Rf8+ 37. Kg2 Rf4 38. Qe6 Kh7 39. f3 Rd4 40. Kg3 {(=)} Rf4 41. Qe7 Kh6 42. Qe6 Bf6 43. Qe8 1/2-1/2

[Event "SVM_Verbandsliga_West_2023-24"]
[Site "?"]
[Date "2023.09.03"]
[Round "1.4"]
[White "Orlowski, Julius"]
[Black "Krings, Thomas"]
[Result "0-1"]
[WhiteElo "1806"]
[BlackElo "2016"]
[PlyCount "52"]
[EventDate "2023.09.03"]
[EventType "team-tourn"]
[EventRounds "9"]
[EventCountry "GER"]
[WhiteTeam "SG Kohlscheid 1"]
[BlackTeam "SV Horrem 1"]

1. c4 e6 2. Nc3 d5 3. d4 Nf6 4. Nf3 Be7 5. e3 O-O 6. Bd3 b6 7. b3 Bb7 8. O-O c5 9. Bb2 Nc6 10. a3 Rc8 11. Rc1 Qd6 12. e4 dxe4 13. Nxe4 Nxe4 14. Bxe4 f5 15. Bxc6 Qxc6 16. Qc2 Bf6 17. Rfd1 cxd4 18. Bxd4 Bxd4 19. Rxd4 e5 20. Rd2 f4 21. Rcd1 e4 22. Rd6 Qc5 23. Rd7 Bc6 24. b4 Qh5 25. R7d5 Bxd5 26. Rxd5 Qxd5 0-1

[Event "SVM_Verbandsliga_West_2023-24"]
[Site "?"]
[Date "2023.09.03"]
[Round "1.5"]
[White "Allatif, Kinan"]
[Black "Fainberg, Jakob"]
[Result "0-1"]
[WhiteElo "1894"]
[BlackElo "1774"]
[PlyCount "126"]
[EventDate "2023.09.03"]
[EventType "team-tourn"]
[EventRounds "9"]
[EventCountry "GER"]
[WhiteTeam "SV Horrem 1"]
[BlackTeam "SG Kohlscheid 1"]

1. d4 d5 2. Bf4 Nf6 3. e3 Nbd7 4. Nf3 g6 5. Nbd2 Bg7 6. Bd3 c5 7. c3 O-O 8. h3 b6 9. Ne5 Bb7 10. Ndf3 c4 11. Bc2 b5 12. a4 a6 13. Qe2 h6 14. g4 Nxe5 15. Nxe5 Nd7 16. Rg1 Nxe5 17. dxe5 Qd7 18. Bg3 e6 19. f4 Rfe8 20. h4 b4 21. h5 Kh7 22. g5 Rg8 23. hxg6+ fxg6 24. Qh5 Bf8 25. Bh4 b3 26. Bb1 Qf7 27. gxh6 Bc5 28. Ke2 Raf8 29. Bf6 Qe8 30. Bg7 Rf5 31. Bxf5 exf5 32. Qg5 Bc6 33. Rg3 Qf7 34. Rag1 Be8 35. Qf6 Qxf6 36. exf6 Bf7 37. Rd1 Re8 38. Kf2 Re4 39. Rf3 a5 40. Kg3 Bxe3 41. Re1 Bxf4+ 42. Kf2 Rxe1 43. Kxe1 Bg5 44. Kf1 Bc1 45. Rf2 d4 46. Re2 dxc3 47. Re7 cxb2 48. Rxf7 g5 49. Bf8+ Kg6 50. h7 b1=Q 51. Rg7+ Kxf6 52. h8=Q Bf4+ 53. Kg2 Qc2+ 54. Kf1 Qd1+ 55. Kf2 Qd2+ 56. Kf1 Qd3+ 57. Kf2 Qe3+ 58. Kf1 Qf3+ 59. Kg1 Be3+ 60. Kh2 Qf2+ 61. Kh3 Qf1+ 62. Kg3 f4+ 63. Kg4 Qg2+ 0-1

[Event "SVM_Verbandsliga_West_2023-24"]
[Site "?"]
[Date "2023.09.03"]
[Round "1.6"]
[White "Stakenburg, Alexander"]
[Black "Fuhs, Jürgen"]
[Result "0-1"]
[WhiteElo "1758"]
[BlackElo "2055"]
[PlyCount "78"]
[EventDate "2023.09.03"]
[EventType "team-tourn"]
[EventRounds "9"]
[EventCountry "GER"]
[WhiteTeam "SG Kohlscheid 1"]
[BlackTeam "SV Horrem 1"]

1. e4 c5 2. Nf3 e6 3. g3 Nf6 4. Nc3 d5 5. exd5 Nxd5 6. Nxd5 Qxd5 7. Bg2 Nc6 8. O-O Bd7 9. d3 Be7 10. Re1 Qh5 11. Bf4 f6 12. c3 e5 13. Bd2 Bg4 14. Re3 Qf7 15. Qa4 Bd7 16. Rae1 Nd4 17. Qd1 Nf5 18. R3e2 O-O 19. d4 Bb5 20. Re4 Bc6 21. dxe5 Bxe4 22. Rxe4 fxe5 23. Nxe5 Qxa2 24. Rc4 Rad8 25. Qc2 Qa6 26. Bf1 Qd6 27. Re4 Qxd2 28. Qb3+ Kh8 29. Nf7+ Rxf7 30. Qxf7 Qd7 31. Bh3 Qd1+ 32. Kg2 Nd6 33. Qxe7 Nxe4 34. Qxe4 Qd5 35. Bf5 Qxe4+ 36. Bxe4 b5 37. Bc6 b4 38. Bb5 Rd2 39. cxb4 Rxb2 0-1

[Event "SVM_Verbandsliga_West_2023-24"]
[Site "?"]
[Date "2023.09.03"]
[Round "1.7"]
[White "Voigt, Ingrid"]
[Black "Lagemann, Tobias"]
[Result "1-0"]
[WhiteElo "1926"]
[BlackElo "1733"]
[PlyCount "47"]
[EventDate "2023.09.03"]
[EventType "team-tourn"]
[EventRounds "9"]
[EventCountry "GER"]
[WhiteTeam "SV Horrem 1"]
[BlackTeam "SG Kohlscheid 1"]

1. e4 e6 2. d4 a6 3. c4 b5 4. cxb5 Bb7 5. Nc3 Bb4 6. Qc2 Ne7 7. Bd2 O-O 8. Bd3 f5 9. Nge2 axb5 10. Bxb5 fxe4 11. O-O Nf5 12. Qb3 Bxc3 13. bxc3 c6 14. Bc4 Nd6 15. Bf4 Nxc4 16. Qxb7 g5 17. Bd6 Nxd6 18. Qxa8 Nc4 19. Ng3 d5 20. Rfb1 Qd6 21. Nh5 Nd7 22. Qa7 e5 23. Rb7 Rd8 24. Rxd7 1-0

[Event "SVM_Verbandsliga_West_2023-24"]
[Site "?"]
[Date "2023.09.03"]
[Round "1.8"]
[White "Langen, Ralf"]
[Black "Olschewski, Martin"]
[Result "1/2-1/2"]
[WhiteElo "1694"]
[BlackElo "1653"]
[PlyCount "119"]
[EventDate "2023.09.03"]
[EventType "team-tourn"]
[EventRounds "9"]
[EventCountry "GER"]
[WhiteTeam "SG Kohlscheid 1"]
[BlackTeam "SV Horrem 1"]

1. d4 Nf6 2. Nf3 g6 3. e3 Bg7 4. b3 O-O 5. Bb2 d5 6. c4 c6 7. Nc3 Bg4 8. Be2 Nbd7 9. O-O Re8 10. h3 Bxf3 11. Bxf3 e6 12. c5 e5 13. b4 Qc7 14. Qd2 Rad8 15. a4 exd4 16. exd4 Ne4 17. Qd3 Ndf6 18. Rae1 Ng5 19. Bd1 Ne6 20. f4 Nxf4 21. Qf3 Ne6 22. Ne2 Ne4 23. Qd3 Bh6 24. Bc1 Bxc1 25. Nxc1 Nf4 26. Qf3 Ne6 27. Nb3 Re7 28. Re3 Rde8 29. Rfe1 f5 30. h4 Qf4 31. g3 Qxf3 32. Bxf3 h6 33. b5 Kf7 34. Bxe4 fxe4 35. Rf1+ Kg7 36. Ree1 Rf8 37. Rxf8 Nxf8 38. bxc6 bxc6 39. Na5 Rc7 40. Kf2 Ne6 41. Ke3 Nd8 42. Rb1 Kf7 43. Rb8 Ke7 44. g4 g5 45. h5 Kd7 46. Kd2 Rc8 47. Rb1 Ne6 48. Ke3 Rf8 49. Rb7+ Nc7 50. Rxa7 Rf3+ 51. Ke2 Rd3 52. Nb7 Rxd4 53. Nd6 Rb4 54. Nf7 d4 55. Ne5+ Kc8 56. Nxc6 Rb2+ 57. Kd1 d3 58. Ne7+ Kb8 59. Nc6+ Kc8 60. Ne7+ 1/2-1/2

[Event "SVM_Verbandsliga_West_2023-24"]
[Site "?"]
[Date "2023.09.03"]
[Round "1.1"]
[White "Kellerwessel, Ralf"]
[Black "Pick, Max"]
[Result "1/2-1/2"]
[WhiteElo "1914"]
[BlackElo "1888"]
[PlyCount "32"]
[EventDate "2023.09.03"]
[EventType "team-tourn"]
[EventRounds "9"]
[EventCountry "GER"]
[WhiteTeam "Tigerli Aachen 1"]
[BlackTeam "SK Kerpen 1"]

1. e4 e6 2. b3 d5 3. Bb2 c5 4. exd5 exd5 5. Nf3 Nc6 6. Bb5 Qe7+ 7. Qe2 Qxe2+ 8. Bxe2 Bf5 9. d3 f6 10. O-O O-O-O 11. Nbd2 Nge7 12. Nh4 Be6 13. f4 Nf5 14. Bg4 Nfd4 15. Bxe6+ Nxe6 16. Rae1 Kd7 1/2-1/2

[Event "SVM_Verbandsliga_West_2023-24"]
[Site "?"]
[Date "2023.09.03"]
[Round "1.2"]
[White "Vogel, Heike"]
[Black "Schuller, Bernd"]
[Result "1-0"]
[WhiteElo "1996"]
[BlackElo "1767"]
[PlyCount "37"]
[EventDate "2023.09.03"]
[EventType "team-tourn"]
[EventRounds "9"]
[EventCountry "GER"]
[WhiteTeam "SK Kerpen 1"]
[BlackTeam "Tigerli Aachen 1"]

1. d4 Nf6 2. Nf3 e6 3. Bg5 c5 4. e3 cxd4 5. exd4 b6 6. Nbd2 Bb7 7. Bd3 d5 8. Qe2 Be7 9. Ne5 Nc6 10. c3 Rc8 11. f4 Rc7 12. O-O O-O 13. Rf3 h6 14. Rh3 Nh7 15. Bxh6 Nxe5 16. Bxh7+ Kxh7 17. Qxe5 Bf6 18. Bg5+ Kg8 19. Bxf6 1-0

[Event "SVM_Verbandsliga_West_2023-24"]
[Site "?"]
[Date "2023.09.03"]
[Round "1.3"]
[White "Greim, Roman"]
[Black "Schauff, Lutz"]
[Result "0-1"]
[WhiteElo "1776"]
[BlackElo "1974"]
[PlyCount "46"]
[EventDate "2023.09.03"]
[EventType "team-tourn"]
[EventRounds "9"]
[EventCountry "GER"]
[WhiteTeam "Tigerli Aachen 1"]
[BlackTeam "SK Kerpen 1"]

1. e4 d6 2. d4 g6 3. c3 Bg7 4. Be2 Nf6 5. e5 dxe5 6. dxe5 Qxd1+ 7. Bxd1 Nd5 8. f4 g5 9. Bf3 Nxf4 10. Be4 Bxe5 11. g3 Ne6 12. Nf3 Bf6 13. O-O g4 14. Ne1 Ng5 15. Bd5 c6 16. Bxg5 Bxg5 17. Bxf7+ Kd8 18. Na3 Kc7 19. Ng2 Nd7 20. Rae1 Bf6 21. Nc4 b5 22. Nd2 Ne5 23. Nf4 Nxf7 0-1

[Event "SVM_Verbandsliga_West_2023-24"]
[Site "?"]
[Date "2023.09.03"]
[Round "1.4"]
[White "Schmitz, Rolf"]
[Black "Wälbers, Werner"]
[Result "1-0"]
[WhiteElo "1955"]
[BlackElo "1661"]
[PlyCount "63"]
[EventDate "2023.09.03"]
[EventType "team-tourn"]
[EventRounds "9"]
[EventCountry "GER"]
[WhiteTeam "SK Kerpen 1"]
[BlackTeam "Tigerli Aachen 1"]

1. c4 e5 2. Nc3 Bb4 3. Nd5 Ba5 4. Nf3 e4 5. Nd4 c6 6. Nc3 Bb6 7. Nb3 d5 8. c5 Bc7 9. d3 f5 10. dxe4 fxe4 11. Be3 Nf6 12. Bd4 O-O 13. Qd2 Ng4 14. g3 e3 15. Bxe3 Nxe3 16. Qxe3 Qf6 17. f4 b6 18. Bg2 Na6 19. Nxd5 Qxb2 20. Nxc7 Nxc7 21. Bxc6 Ba6 22. O-O Rad8 23. cxb6 axb6 24. Qxb6 Rc8 25. Bd7 Rf6 26. Qc5 Ne6 27. Qe3 Rc3 28. Bxe6+ Kf8 29. Qe5 Rc2 30. Qd6+ Ke8 31. Qd7+ Kf8 32. Qd8# 1-0

[Event "SVM_Verbandsliga_West_2023-24"]
[Site "?"]
[Date "2023.09.03"]
[Round "1.5"]
[White "Terlaak, Michael"]
[Black "Jakubczyk, Dietmar"]
[Result "0-1"]
[WhiteElo "1511"]
[BlackElo "1795"]
[PlyCount "72"]
[EventDate "2023.09.03"]
[EventType "team-tourn"]
[EventRounds "9"]
[EventCountry "GER"]
[WhiteTeam "Tigerli Aachen 1"]
[BlackTeam "SK Kerpen 1"]

1. d4 Nf6 2. c4 d6 3. Nf3 g6 4. Bg5 Bg7 5. e3 O-O 6. Nc3 c6 7. Be2 Qc7 8. Qc2 Re8 9. O-O Nbd7 10. Bd3 e5 11. d5 Nc5 12. e4 Bg4 13. b4 Na6 14. a3 Bxf3 15. gxf3 Nh5 16. Qd2 Qd7 17. Kg2 Nc7 18. Ne2 Rac8 19. Ng3 Nf4+ 20. Bxf4 exf4 21. Qxf4 Bxa1 22. Rxa1 Qe7 23. Qg4 h5 24. Qh3 h4 25. Ne2 Qg5+ 26. Kh1 cxd5 27. Rg1 Qd2 28. f4 dxe4 29. Bxe4 Rxe4 30. Qxc8+ Kg7 31. f5 Qxe2 32. f6+ {(=)} Kxf6 33. Qd8+ Kg7 34. Qg5 Qf3+ 35. Qg2 Qxg2+ 36. Rxg2 Re1+ 0-1

[Event "SVM_Verbandsliga_West_2023-24"]
[Site "?"]
[Date "2023.09.03"]
[Round "1.6"]
[White "Strack, Rolf"]
[Black "Kleistra, Michel"]
[Result "1/2-1/2"]
[WhiteElo "1601"]
[BlackElo "1465"]
[PlyCount "29"]
[EventDate "2023.09.03"]
[EventType "team-tourn"]
[EventRounds "9"]
[EventCountry "GER"]
[WhiteTeam "SK Kerpen 1"]
[BlackTeam "Tigerli Aachen 1"]

1. d4 f5 2. Nf3 g6 3. Bf4 Bg7 4. e3 e6 5. Bc4 c6 6. c3 a5 7. Nbd2 b5 8. Be2 Na6 9. Bd6 Nh6 10. Be5 Qe7 11. Bxg7 Qxg7 12. Ne5 Nf7 13. Nxf7 Qxf7 14. Nf3 d6 15. Qd2 {(=)} 1/2-1/2

[Event "SVM_Verbandsliga_West_2023-24"]
[Site "?"]
[Date "2023.09.03"]
[Round "1.1"]
[White "Yeritsyan, Artur"]
[Black "Whitmire, James David"]
[Result "1-0"]
[WhiteElo "1863"]
[BlackElo "1990"]
[PlyCount "55"]
[EventDate "2023.09.03"]
[EventType "team-tourn"]
[EventRounds "9"]
[EventCountry "GER"]
[WhiteTeam "Brühler SK 3"]
[BlackTeam "PTSV Aachen 1"]

1. c4 Nf6 2. g3 d5 3. cxd5 Qxd5 4. Nf3 e5 5. Nc3 Qd6 6. Bg2 Nc6 7. O-O Bf5 8. Nb5 Qd7 9. d4 O-O-O 10. Bg5 e4 11. Ne5 Nxe5 12. Nxa7+ Kb8 13. dxe5 h6 14. Bxf6 gxf6 15. Nc6+ bxc6 16. Qb3+ Ka8 17. Qa4+ Kb8 18. Qb3+ Ka8 19. Rad1 Qc8 20. Rxd8 Qxd8 21. Rd1 Qb8 22. Qa4+ Qa7 23. Qxc6+ Kb8 24. Rd8+ Bc8 25. Bxe4 Bg7 26. Rd5 Ba6 27. Ra5 Qb7 28. Rb5 1-0

[Event "SVM_Verbandsliga_West_2023-24"]
[Site "?"]
[Date "2023.09.03"]
[Round "1.2"]
[White "Esser, Thomas"]
[Black "Heuser, Friedhelm"]
[Result "0-1"]
[WhiteElo "2089"]
[BlackElo "2007"]
[PlyCount "90"]
[EventDate "2023.09.03"]
[EventType "team-tourn"]
[EventRounds "9"]
[EventCountry "GER"]
[WhiteTeam "PTSV Aachen 1"]
[BlackTeam "Brühler SK 3"]

1. d4 Nf6 2. Nf3 e6 3. c4 c5 4. d5 exd5 5. cxd5 d6 6. Nc3 g6 7. e4 Bg7 8. Nd2 Nbd7 9. Be2 O-O 10. O-O Re8 11. a4 a6 12. Re1 Rb8 13. h3 Qc7 14. Qc2 Bh6 15. Bf1 Ne5 16. Nc4 Bxc1 17. Raxc1 Nxc4 18. Bxc4 Bd7 19. Qd3 Nh5 20. g4 Nf4 21. Qe3 g5 22. Ne2 Nxe2+ 23. Bxe2 Qd8 24. b3 Qf6 25. Kg2 h6 26. Rh1 Kg7 27. Bf3 Qe5 28. h4 Rh8 29. hxg5 hxg5 30. Qc3 Qxc3 31. Rxc3 Rxh1 32. Kxh1 Kf6 33. Kg2 Ke5 34. Kg3 a5 35. Be2 b5 36. axb5 Bxb5 37. Bxb5 Rxb5 38. f3 Rb4 39. Rd3 a4 40. bxa4 Rxa4 41. Kf2 c4 42. Rd1 Kf4 43. Ke2 Ra2+ 44. Rd2 Rxd2+ 45. Kxd2 f6 0-1

[Event "SVM_Verbandsliga_West_2023-24"]
[Site "?"]
[Date "2023.09.03"]
[Round "1.3"]
[White "Dilger, Jan"]
[Black "Müller, Norbert"]
[Result "1/2-1/2"]
[WhiteElo "1891"]
[BlackElo "2051"]
[PlyCount "71"]
[EventDate "2023.09.03"]
[EventType "team-tourn"]
[EventRounds "9"]
[EventCountry "GER"]
[WhiteTeam "Brühler SK 3"]
[BlackTeam "PTSV Aachen 1"]

1. e4 c5 2. Nf3 Nc6 3. d4 cxd4 4. Nxd4 e5 5. Nb5 d6 6. c4 Nf6 7. N1c3 Be7 8. Be2 O-O 9. O-O a6 10. Na3 Be6 11. Nc2 Nd7 12. Ne3 Nd4 13. Ned5 Nb6 14. Be3 Bxd5 15. Nxd5 Nxe2+ 16. Qxe2 Nxd5 17. cxd5 Rc8 {(=)} 18. Rac1 Qd7 19. f3 f5 20. Qd3 fxe4 21. fxe4 Rxc1 22. Rxc1 Rc8 23. Rc3 Rxc3 24. Qxc3 Qg4 25. Qc2 h6 26. h3 Qd7 27. Qc4 Bd8 28. Kf1 Kf7 29. Ke1 b5 30. Qf1+ Kg8 31. g4 Qc7 32. Kd1 Qa5 33. Qf5 Qxa2 34. Qe6+ Kh7 35. Qf5+ Kg8 36. Qe6+ 1/2-1/2

[Event "SVM_Verbandsliga_West_2023-24"]
[Site "?"]
[Date "2023.09.03"]
[Round "1.4"]
[White "Schulten, Berthold"]
[Black "Neuens, Heiko"]
[Result "1/2-1/2"]
[WhiteElo "1883"]
[BlackElo "1872"]
[PlyCount "29"]
[EventDate "2023.09.03"]
[EventType "team-tourn"]
[EventRounds "9"]
[EventCountry "GER"]
[WhiteTeam "PTSV Aachen 1"]
[BlackTeam "Brühler SK 3"]

1. c4 c5 2. g3 Nf6 3. Bg2 d5 4. cxd5 Nxd5 5. Nc3 Nc7 6. Nf3 Nc6 7. O-O e5 8. Ne1 Be7 9. Nd3 f6 10. b3 Bd7 11. f4 O-O 12. fxe5 fxe5 13. Rxf8+ Bxf8 14. Bb2 Bg4 15. Nf2 {(=)} 1/2-1/2